Globalización y pobreza
Salvato in:
| Autori principali: | , |
|---|---|
| Natura: | Libro |
| Lingua: | spagnolo |
| Pubblicazione: |
Bogotá
Banco Mundial
2005
Bogotá Alfaomega 2005 |
| Edizione: | 1a. ed |
| Serie: | Serie Desarrollo para Todos, 10
|
| Soggetti: | |
| Tags: |
Aggiungi Tag
Nessun Tag, puoi essere il primo ad aggiungerne!!
|
MARC
| LEADER | 00000nam a2200000 a 4500 | ||
|---|---|---|---|
| 001 | UCK8021 | ||
| 003 | CL-VaPUC | ||
| 008 | 060113e20050000ck |||||||||||||||||spa|d | ||
| 020 | |a 9586825930 | ||
| 082 | 0 | 4 | |a 303.4 |b GOL |2 21 |
| 100 | 0 | |a Goldin, Ian |e author |9 497804 | |
| 700 | 0 | |a Reinert, Kenneth A |e author |9 497805 | |
| 245 | 1 | 0 | |a Globalización y pobreza |
| 250 | |a 1a. ed | ||
| 300 | |a 64 p | ||
| 942 | |c BK | ||
| 945 | |d 20060113 00:00:00 |a cmena | ||
| 260 | |a Bogotá |b Banco Mundial |c 2005 | ||
| 260 | |a Bogotá |b Alfaomega |c 2005 | ||
| 650 | 0 | |a Globalización |9 361930 | |
| 650 | 0 | |a Desarrollo económico y social |9 256320 | |
| 650 | 0 | |a Migración |9 331531 | |
| 650 | 0 | |a Igualdad de oportunidades |9 331873 | |
| 650 | 0 | |a Problemas sociales |9 258537 | |
| 650 | 0 | |a Pobreza |9 258652 | |
| 583 | |a last modification |c 20171004 05:16:44 |k Rodrigo Vera | ||
| 490 | 0 | |a Serie Desarrollo para Todos, 10 | |
| 999 | |c 315855 |d 315853 | ||
| 952 | |0 0 |1 0 |4 0 |6 303_400000000000000_GOL_2005_2005 |7 0 |8 A |9 389674 |a BIBGIM |b BIBGIM |d 2019-11-22 |i 4199715 |o 303.4 GOL 2005 2005 |p 4199715 |r 2025-01-15 |w 2019-11-22 |y BK |k GIM | ||